| 000 | 00422nam a2200169Ia 4500 | ||
|---|---|---|---|
| 008 | 230711s9999||||xx |||||||||||||| ||und|| | ||
| 020 | _a978-81-203-3594-3 | ||
| 041 | _aENG | ||
| 082 |
_a4.22 _bRA-C |
||
| 100 | _aRao,P.V.S | ||
| 245 | 0 | _aComputer system Architecture | |
| 250 | _a1st Ed. | ||
| 260 |
_c2009 _aNew Delhi _bPHI Learning Private Limited |
||
| 300 | _a500p. | ||
| 650 | _aComputer Engineering | ||
| 942 | _cBK | ||
| 999 |
_c6353 _d6353 |
||